1855 1206 1312 1524 1544 1763 1260 1364 1747 1457 1339 1125 1569 1806 1152 1508 1464 1098 1576 1473 1922 1688 1219 1434 1484 1828 1685 1318 1540 1142 1962 1699 1364 1202 1420 1059 1911 1523 1800 1096 1849 1108 1879 1787 1549 1109 1578 1936 1605 1882 1813 1366 1690 1854 1847 1774 1876 1228 1308 1171 1943 1368 1089 1462 1442 1719 1286 1978 1974 1466 1782 1515 1121 1411 1757 1286 1864 1219 1959 1647 1026 1655 1450 1289 1464 1244 1995 1904 1501 1545 1898 1958 1486 1715 1859 1845 1727 1197 1131 BCNSPRNW ULIB Ver.6.0+V

เปลี่ยนเป็นภาษาไทย

Change to English
 แสดงรายละเอียดบรรณานุกรม
  กลับหน้าหลัก

Brief Record : Get Marc (ISO 2709) : E-mail record : QR code < ปิดหน้าต่าง
LEADER : 00000nam 2200000uu 4500
001    13399121182
003     ULIB
008    121108s2551||||th 000 0 tha d
020    ^a9749307119
040    ^abad
050  4 ^aLB^bธ12ห
100 0  ^aคินนิกกิ, แอนเจลโล
245 10 ^aหลักการจัดการ =^bManagement a practical introduction /^cแอนเจลโล คินนิกกิ, เบน เค. วิลเลี่ยม
246 31 ^aManagement a practical introduction
260    ^aกรุงเทพฯ :^bสำนักพิมพ์แมคกรอ-ฮิล,^c2551
300    ^a285 หน้า ;^c26 ซม.
650  4 ^aการจัดการ
650  4 ^aการวางแผนกลยุทธ์
700 1  ^aวิลเลี่ยม, เบน เค.
945    ^p0^l0^i14877
995    ^aวิภา
999 ^a ทศพร
รายการนี้ยังไม่มีแท็ก
คุณยังไม่ได้ล็อกอิน คุณสามารถมีกิจกรรมร่วมกับเว็บไซต์ได้ แต่ต้องล็อกอินก่อน ::
  ล็อกอิน

รายการสื่อสารสนเทศ

ลำดับที่ ประเภท เลขเรียก/บาร์โค้ด สถานที่ สถานะ
1. วิทยาศาสตร์การแพทย์ และสุขภาพ
วิทยาศาสตร์การแพทย์ และสุขภาพ
LB ธ12ห  
  Barcode: 14877
ห้องสมุดวิทยาเขตสวรรค์ประชารักษ์
►หนังสือทั่วไป
บนชั้น

รายการใกล้เคียง
    ผู้แต่ง [คินนิกกิ, แอนเจลโล]

    หัวเรื่อง [การจัดการ]
    หัวเรื่อง [การวางแผนกลยุทธ์]

BibComment


ยังไม่เคยถูกคอมเมนท์

คอมเมนท์ทรัพยากรรายการนี้
  คอมเมนท์: หลักการจัดการ M..


 Copyright 2026. Bcnsprnw @Library